Izartxo (Record no. 97060)

MARC details
000 -LEADER
campo de control de longitud fija 00536nam a2200193 i 4500
001 - NÚMERO DE CONTROL
campo de control 97060
003 - IDENTIFICADOR DE NÚMERO DE CONTROL
campo de control ES-MaACL
005 - FECHA Y HORA DE LA ÚLTIMA TRANSACCIÓN
campo de control 20230906182030.0
007 - CAMPO FIJO DE DESCRIPCIÓN FÍSICA--INFORMACIÓN GENERAL
campo de control de longitud fija t|
008 - DATOS DE LONGITUD FIJA--INFORMACIÓN GENERAL
campo de control de longitud fija 050706s1959 sp ||||1| baq d
100 1# - ENTRADA PRINCIPAL--NOMBRE DE PERSONA
Nombre de persona Manuel, Joxe.
9 (RLIN) 76183
245 10 - MENCIÓN DEL TÍTULO
Título Izartxo
Resto del título : (Bigarren gizaldiko eb-zarra) /
Mención de responsabilidad, etc. estonba`tar Joxe Manuel.
260 ## - PUBLICACIÓN, DISTRIBUCIÓN, ETC.
Lugar de publicación, distribución, etc. Zarauz :
Nombre del editor, distribuidor, etc. Argitaldaria,
Fecha de publicación, distribución, etc. 1959.
300 ## - DESCRIPCIÓN FÍSICA
Extensión 179 p. ;
Dimensiones 29 cm.
490 1# - MENCIÓN DE SERIE
Mención de serie Kuliska sorta
830 0# - PUNTO DE ACCESO ADICIONAL DE SERIE-TÍTULO UNIFORME
Título uniforme Kuliska sorta
9 (RLIN) 182694
852 ## - LOCALIZACIÓN
Ubicación ES-MaACL
Número de control de estantería C-17149
Sublocalización o colección R.45693
Holdings
Estatus retirado Estado de pérdida Estado de daño No para préstamo Biblioteca de origen Biblioteca actual Ubicación en estantería Fecha de adquisición Fuente de adquisición Total de préstamos Signatura topográfica completa Código de barras Visto por última vez Precio de reemplazo Tipo de ítem Koha
        Biblioteca del Ateneo de Madrid Biblioteca del Ateneo de Madrid Galería 17/01/2008     C-17149 1101332 23/02/2023 23/02/2023 Libro impreso